000 00355nam a22001577a 4500
003 LK-CoDNM
005 20240815102148.0
008 240815b |||||||| |||| 00| 0 eng d
040 _aLK-CoDNM
_dLK-CoDNM
_eLK-CoDNM
080 _a9
_bG13
100 _aGILL THOMAS
245 _aA BRIEF SKETCH
260 _c1912
300 _a92P. ;22 CM
942 _cBK
999 _c147845
_d147845